| 000 | 00728nam a22001937a 4500 | ||
|---|---|---|---|
| 003 | BD-DhUL | ||
| 005 | 20160922114545.0 | ||
| 008 | 160922s1956 ii a|||| |||| 000 0 ben d | ||
| 040 |
_aBD-DhUL _cBD-DhUL |
||
| 082 |
_a915.4142 _bPRK |
||
| 100 | 1 | _aঘটক, প্রানীতোষ। | |
| 245 | 1 |
_aকলকাতার পথ-ঘাট / _cপ্রানীতোষ ঘটক |
|
| 250 | _a১ম সংস্ক.। | ||
| 260 |
_aকলিকাতা : _bইণ্ডিয়ান অ্যাসোসিয়েটেড, _c১৯৫৬। |
||
| 300 |
_a[২২৭] পৃ. ; _c২১ সেমি.। |
||
| 651 | 0 |
_aকলিকাতা _xইতিহাস |
|
| 651 | 0 |
_aKolkata _xHistory |
|
| 942 |
_2ddc _cBK |
||
| 999 |
_c105346 _d105346 |
||